000 00547nam a22001937a 4500
003 OSt
005 20251203131125.0
008 251203b |||||||| |||| 00| 0 eng d
020 _a9783319713021
_c157 rs
040 _c.
082 _a005.1 V37 2017
100 _aVarga ,Ervin
245 _aUnraveling Software Maintenance and Evolution:
_bThinking Outside the Box/
_cErvin Varga
250 _a1
260 _b Springer International Publishing, 2017
300 _a336 p
_c24 cm
650 _zSoftware maintenance
942 _2ddc
_cBK-EN
_n0
999 _c8241
_d8241